=LDR 00000nam 2200000 4500 =001 INLIS000000000024005 =005 20130612122622 =008 ***********************************Ind** =035 ##$$0010-061300000024005 =041 ##$$a Ind =082 ##$$a 530.130 =090 ##$$a 530.130, Sar h =100 ##$$a Sarjono =245 ##$$a Mekanika teknik statis tertentu, Sarjono =260 ##$$a 1985 $b Surabaya =300 ##$$a 596 hlm, ilus, 21 cm =650 ##$$a Statistik tertentu =850 ##$$a NBPNMAT =990 ##$$a 06140614 =990 ##$$a 64686 pb.94 =990 ##$$a 00050168